Regulácia a vstup na trh vo farmaceutickom priemysle vo vybraných krajinách OECD bakalárska práca

Guardado en:
Detalles Bibliográficos
Autor principal: Beňová, Beáta
Autor Corporativo: Národohospodárska fakulta EU. Katedra hospodárskej politiky
Otros Autores: Kališ, Richard, 1991-
Formato: Libro
Lenguaje:eslovaco
Publicado: Bratislava 2023
Etiquetas: Agregar Etiqueta
Sin Etiquetas, Sea el primero en etiquetar este registro!

MARC

LEADER 00000nbm a2200000 4500
001 0294701
005 20231205142748.1
041 0 |a slo 
044 |a SK 
245 1 0 |a Regulácia a vstup na trh vo farmaceutickom priemysle vo vybraných krajinách OECD  |b bakalárska práca  |c Beáta Beňová ; školiteľ: Richard Kališ 
264 1 |a Bratislava  |c 2023 
300 |a 41 s. 
100 1 |a Beňová, Beáta 
700 1 |a Kališ, Richard, 1991- 
710 2 |a Národohospodárska fakulta EU. Katedra hospodárskej politiky